LEADER 02284nam 2200505 450 001 9910131442403321 005 20230621141313.0 010 $a9788598203102 (ebook) 035 $a(CKB)3710000000423233 035 $a(SSID)ssj0001666244 035 $a(PQKBManifestationID)16454627 035 $a(PQKBTitleCode)TC0001666244 035 $a(PQKBWorkID)14999682 035 $a(PQKB)11020527 035 $a(WaSeSS)IndRDA00056283 035 $a(oapen)https://directory.doabooks.org/handle/20.500.12854/42781 035 $a(EXLCZ)993710000000423233 100 $a20160829d2014 uy | 101 0 $apor 135 $aur||||||||||| 181 $ctxt 182 $cc 183 $acr 200 10$aCatálogo dos estágios iniciais de desenvolvimento dos peixes da bacia de Campos$b[electronic resource] /$fAna Cristina, Teixeira Bonecker, Claudia Akemi Pereira Namiki, Márcia Salustiano de Castro [and] Paula Nepomuceno Campos 210 $cSciELO Books - Sociedade Brasileira de Zoologia$d2014 210 31$aBrazil :$cSociedade Brasileira de Zoologia,$d2014 215 $a1 online resource (295 pages) $ccolour illustrations 300 $aBibliographic Level Mode of Issuance: Monograph 320 $aIncludes bibliographical references. 330 $aForam identificados 4.490 indivíduos incluindo 17 ordens, 68 famílias e 160 espécies de peixes nos estágios de larvas e juvenis. Foram elaborados textos com informações gerais das ordens e famílias, descrição das principais características das espécies, fotografias dos diferentes estágios de desenvolvimento, georeferrenciamento, habitat da espécie, nome vulgar e as referências utilizadas para a identificação. 606 $aVertebrates$2HILCC 606 $aZoology$2HILCC 606 $aHealth & Biological Sciences$2HILCC 610 $aSCIENCE 615 7$aVertebrates 615 7$aZoology 615 7$aHealth & Biological Sciences 700 $aBonecker$b Ana Cristina Teixeira$0889644 702 $aCastro$b Márcia Salustiano de 702 $aNamiki$b Claudia Akemi Pereira 801 0$bPQKB 801 2$bUkMaJRU 912 $a9910131442403321 996 $aCatálogo dos estágios iniciais de desenvolvimento dos peixes da bacia de Campos$91987350 997 $aUNINA LEADER 01257nam 2200361z- 450 001 9910689429303321 005 20161209100511.0 035 $a(CKB)5860000000033681 035 $a(BIP)008311233 035 $a(EXLCZ)995860000000033681 100 $a20220406c2001uuuu -u- - 101 0 $aeng 200 10$aSchool crime prevention programs $ehearing of the Committee on the Judiciary, United States Senate, One Hundred Sixth Congress, second session, May 15, 2000, New Castle, DE 215 $a1 online resource (iii, 60 p.) 311 $a0-16-066130-7 517 $aSchool Crime Prevention Programs 606 $aSchool violence$zUnited States$xPrevention 606 $aSchools$xSecurity measures$zUnited States 606 $aStudents$xCrimes against$zUnited States 606 $aViolence in children$zUnited States 610 $aSchool violence 610 $aStudents 610 $aViolence in children 610 $aEducation 610 $aSocial science 615 0$aSchool violence$xPrevention. 615 0$aSchools$xSecurity measures 615 0$aStudents$xCrimes against 615 0$aViolence in children 906 $aBOOK 912 $a9910689429303321 996 $aSchool crime prevention programs$93138524 997 $aUNINA